An introduction to quantum physics
Saved in:
| Main Authors: | , |
|---|---|
| Format: | Bog |
| Sprog: | engelsk |
| Udgivet: |
Boca Ratón
CRC
1978
|
| Serier: | M.I.T. Introductory Physics Series
|
| Fag: | |
| Tags: |
Tilføj Tag
Ingen Tags, Vær først til at tagge denne postø!
|
MARC
| LEADER | 00000cam a2200000 a 4500 | ||
|---|---|---|---|
| 001 | UCF4097 | ||
| 003 | CL-VaPUC | ||
| 008 | 121122e19780000US |||||||||||||||||eng|d | ||
| 020 | |a 0748740783 | ||
| 082 | 0 | 4 | |a 530.12 |b FRE |2 21 |
| 100 | 0 | |a French, A. P |e author |9 565742 | |
| 700 | 0 | |a Taylor, Edwin F |e author |9 565743 | |
| 245 | 1 | 3 | |a An introduction to quantum physics |
| 300 | |a 670 p | ||
| 942 | |c BK | ||
| 945 | |d 20121122 00:00:00 |a cmena | ||
| 260 | |a Boca Ratón |b CRC |c 1978 | ||
| 650 | 0 | |a Mecánica cuántica |9 306806 | |
| 650 | 0 | |a Física cuántica |9 354949 | |
| 650 | 0 | |a Teoría cuántica |9 266148 | |
| 650 | 0 | |a Modelos matemáticos |9 259437 | |
| 583 | |a last modification |c 20121122 14:17:00 |k Rodrigo Vera | ||
| 490 | 0 | |a M.I.T. Introductory Physics Series | |
| 999 | |c 350074 |d 350072 | ||
| 952 | |0 0 |1 0 |4 0 |6 530_120000000000000_FRE_1978 |7 0 |8 A |9 453062 |a BIBCUR |b BIBCUR |d 2019-11-22 |i 4924517 |l 1 |m 1 |o 530.12 FRE 1978 |p 4924517 |r 2025-04-22 |s 2024-03-06 |w 2019-11-22 |y BK |k FIS | ||